|
|
|
|
| LEADER |
00951nam a22002417a 4500 |
| 003 |
BD-DhAAL |
| 005 |
20190106095344.0 |
| 008 |
190103r20181994ii a|||| |||| 001 0 eng d |
| 999 |
|
|
|c 40359
|d 40359
|
| 020 |
|
|
|a 9788121904131
|
| 082 |
|
|
|a 539.7
|2 20
|
| 100 |
|
|
|a Ghoshal, S. N.
|9 29389
|
| 245 |
|
|
|a Nuclear Physics :
|b for B.Sc. (Pass & Honours) and M.Sc. students of Indian universities /
|c S. N. Ghoshal
|
| 250 |
|
|
|a Revised enlarged edition
|
| 260 |
|
|
|b Ram Nagar, New Delhi :
|a S. Chand,
|c c1994 [reprinted 2018]
|
| 300 |
|
|
|a xvi, 845 pages :
|b illustrations ;
|c 24 cm.
|
| 500 |
|
|
|a Includes index.
|
| 526 |
|
|
|a MNS
|
| 541 |
|
|
|a Trim Education
|e 34123
|
| 650 |
|
|
|a Nuclear physics
|9 29390
|
| 852 |
|
|
|a Ayesha Abed Library
|c General Stacks
|
| 942 |
|
|
|2 ddc
|c BK
|
| 952 |
|
|
|0 0
|1 0
|2 ddc
|4 0
|6 539_700000000000000_GHO
|7 0
|9 64789
|a BRACUL
|b BRACUL
|c GEN
|d 2018-12-09
|e Trim Education
|g 1125.00
|l 1
|o 539.7 GHO
|p 3010034123
|r 2019-12-30
|s 2019-09-02
|t 1
|v 1125.00
|w 2018-12-09
|y BK
|